000
00308nam a2200133Ia 4500
008
191206s9999 xx 000 0 und d
020
_a
058603403X
090
_a
PR888W6F47
245
4
_a
The French Lieutenant's Woman
250
_a
[1st ed.]
260
_a
Triad
260
_c
c1977
300
_a
467 p. 25 cm.
999
_c
17055
_d
17055